SIADMAC I : Sistema Integrado de Adquisición de Datos y Ajuste de Controladores
Gardado en:
| Autor Principal: | |
|---|---|
| Formato: | Libro |
| Idioma: | Undetermined |
| Publicado: |
[San José , Costa Rica]
1995
|
| Materias: | |
| Etiquetas: |
Engadir etiqueta
Sen Etiquetas, Sexa o primeiro en etiquetar este rexistro!
|
MARC
| LEADER | 00000nam a2200000Ia 4500 | ||
|---|---|---|---|
| 003 | 007787 | ||
| 005 | 20221231144252.0 | ||
| 008 | 140114s9999 xx 000 0 und d | ||
| 040 | |c cru CEDI | ||
| 090 | |a TFG 3360 | ||
| 100 | |a Ramírez Hernández, José Antonio |9 8724 | ||
| 245 | |a SIADMAC I : Sistema Integrado de Adquisición de Datos y Ajuste de Controladores | ||
| 260 | |c 1995 |a [San José , Costa Rica] | ||
| 300 | |a xi, 137 páginas : ilustraciones (1 plegables) | ||
| 500 | |a Proyecto de graduación (bachillerato en ingeniería eléctrica)--Universidad de Costa Rica. Facultad de Ingeniería.Escuela de Ingeniería Eléctrica | ||
| 650 | |x SIADMAC I |x INDUSTRIA |x MODELOS MATEMATICOS |x CONTROL DE PROCESOS |x CONTROL AUTOMATICO |9 10617 | ||
| 942 | |c TFG | ||
| 999 | |c 19339 |d 19339 | ||
